00729nam a2200181 a 4500001001000000003000400010005001700014008004100031040002500072082002000097100003100117245007900148260006400227300002000291500013700311502005300448650004600501000034680OSt20201023084525.0111018s1942 dr r 000 0 spa d aDO-SdBNPbspacBNPHU a616.9362bF363c1 aFernández Naranjo, Fidel10aContribución al estudio de la endemicidad palúdica índice esplenico. aCiudad Trujillo, República Dominicana :bMontalvo,c1942. a60 p. ;c24 cm. aTesis para optar por el grado de Doctor en Medicina de la Universidad de Santo Domingo, República Dominicana, Facultad de Medicina aTesis (Ph.D.)-Universidad de Santo Domingo, 1942 4aMalariavTESIS Y DISERTACIONES ACADEMICAS